Engineering fluid mechanics / (Record no. 10951)
[ view plain ]
| 000 -LEADER | |
|---|---|
| fixed length control field | 00534cam a2200205ua 4500 |
| 020 ## - INTERNATIONAL STANDARD BOOK NUMBER | |
| ISBN | 81 7224 174 7 |
| 041 ## - LANGUAGE CODE | |
| Language code of text/sound track or separate title | eng |
| 082 ## - DEWEY DECIMAL CLASSIFICATION NUMBER | |
| Classification number | 620.106 |
| Item number | ROB/EN |
| 100 ## - MAIN ENTRY--AUTHOR NAME | |
| Personal name | Roberson, John A . |
| 245 ## - TITLE STATEMENT | |
| Title | Engineering fluid mechanics / |
| 260 ## - PUBLICATION, DISTRIBUTION, ETC. (IMPRINT) | |
| Place of publication | Mumbai : |
| Name of publisher | Jaico Publishing House , |
| Year of publication | 1993. |
| 300 ## - PHYSICAL DESCRIPTION | |
| Number of Pages | 785 ; . |
| 500 ## - GENERAL NOTE | |
| General note | *CSS |
| 700 1# - ADDED ENTRY--PERSONAL NAME | |
| Personal name | Crowe, Clayton T. |
| 942 ## - ADDED ENTRY ELEMENTS (KOHA) | |
| Koha item type | Books |
| Withdrawn status | Lost status | Damaged status | Home library | Current library | Shelving location | Date acquired | Full call number | Accession Number | Koha item type |
|---|---|---|---|---|---|---|---|---|---|
| KAUAET | KAUAET | Scheme | 26/07/2018 | 620.106 ROB/EN | 18170 | Book Bank scheme for SC students | |||
| KAUAET | KAUAET | Scheme | 26/07/2018 | 620.106 ROB/EN | 18360 | Book Bank scheme for SC students |
